| 000 | 01179cam a2200349 a 4500 | ||
|---|---|---|---|
| 001 | 3037315 | ||
| 003 | EG-ScBUE | ||
| 005 | 20211222153723.0 | ||
| 008 | 950105r19911913ii f b 000 1 eng d | ||
| 020 | _a1857150228 (acidfree paper) | ||
| 040 |
_aDLC _beng _erda _cDLC _dDLC _dOCoLC _dDLC _dEG-ScBUE |
||
| 043 | _ae-uk-en | ||
| 082 | 0 | 4 |
_a823.912 _bLAW _222 |
| 100 | 1 |
_aLawrence, D. H. _q(David Herbert), _d1885-1930, _eauthor. _97969 |
|
| 245 | 1 | 0 |
_aSons and lovers / _cD. H. Lawrence. |
| 250 | _aNinth impression. | ||
| 264 | 1 |
_aBombay : _bRupa Co., _c1991. |
|
| 300 |
_a525 pages ; _c22 cm |
||
| 336 |
_2rdacontent _atext _btxt |
||
| 337 |
_2rdamedia _aunmediated _bn |
||
| 338 |
_2rdacarrier _avolume _bnc |
||
| 504 | _aIncludes bibliographical references. | ||
| 650 | 7 |
_aWorking class families _xFiction. _97970 _2BUEsh |
|
| 650 | 7 |
_aYoung men _xFiction. _97971 _2BUEsh |
|
| 650 | 7 |
_aEngland _xFiction. _97972 _2BUEsh |
|
| 651 | _2BUEsh | ||
| 653 |
_bHHUUEENN _cDecember2021 |
||
| 655 | 7 |
_aDomestic fiction. _2lcsh |
|
| 655 | 7 |
_aBildungsromane. _2gsafd _vReading book |
|
| 942 |
_2ddc _cBB |
||
| 999 |
_c12331 _d12331 |
||